Mezclas de concreto con detergentes como aditivos

Gorde:
Xehetasun bibliografikoak
Egile nagusia: Muñoz Umaña, Flor de María
Formatua: Liburua
Argitaratua: [San José, Costa Rica] : Universidad de Costa Rica, Facultad de Ingeniería, Instituto de Investigaciones en Ingeniería, 1994
Gaiak:
Etiketak: Etiketa erantsi
Etiketarik gabe, Izan zaitez lehena erregistro honi etiketa jartzen!

MARC

LEADER 00000nam a2200000Ia 4500
003 000190
005 20221231144008.0
008 140114s1994 c a 000 ||s d
040 |c cru CEDI 
082 |a 620.136 M971m 
100 |a Muñoz Umaña, Flor de María  |9 14184 
245 |a Mezclas de concreto con detergentes como aditivos 
260 |a [San José, Costa Rica] : Universidad de Costa Rica, Facultad de Ingeniería, Instituto de Investigaciones en Ingeniería,  |c 1994 
300 |a  69 páginas : ilustraciones  
650 |x HORMIGON - AGREGADOS   |x HORMIGON - MEZCLAS  |9 18103 
942 |2 ddc  |c BK 
999 |c 15358  |d 15358